| 000 | 00609nam a2200217 a 4500 | ||
|---|---|---|---|
| 999 |
_c6920 _d6920 |
||
| 001 | 6920 | ||
| 003 | BD-JhCC | ||
| 005 | 20180201094949.0 | ||
| 008 | 180201s r |||| || | 000 0 ben d | ||
| 035 | _a(BD-JhCC)6920 | ||
| 040 |
_aBD-JhCC _dBD-JhCC |
||
| 041 | _aben | ||
| 082 |
_a947 _bRED |
||
| 100 | _aরীড, জন | ||
| 245 |
_aদুুনিয়া কাঁপানো দশ দিন / _cজন রীড, |
||
| 260 |
_aমস্কো : _bপ্রগতি প্রকাশনী, |
||
| 300 |
_a462 P. ; _c20 cm> |
||
| 650 |
_aHistory _zRussia |
||
| 942 |
_2ddc _cBK |
||